| 000 | 00957cam a22002654a 4500 | ||
|---|---|---|---|
| 001 | 11903152 | ||
| 003 | OSt | ||
| 005 | 20240626121714.0 | ||
| 008 | 000204s2000 maua b 001 0 eng | ||
| 010 | _a 00022984 | ||
| 020 | _a0201485559 | ||
| 040 |
_aDLC _cDLC _dDLC |
||
| 042 | _apcc | ||
| 050 | 0 | 0 |
_aQA76.9.D3 _bP34855 2000 |
| 082 | 0 | 0 |
_a005.74 PAS 2000 _221 |
| 100 | 1 |
_aPascal, Fabian. _96723 |
|
| 245 | 1 | 0 |
_aPractical Issues in Database Management : _ba reference for the thinking practitioner |
| 260 |
_aBoston, Mass. : _bAddison-Wesley, _c2000. |
||
| 300 |
_axxvii, 256 p. : _bill. ; _c24 cm. |
||
| 504 | _aIncludes bibliographical references, & index. | ||
| 650 | 0 |
_aDatabase management. _9508 |
|
| 906 |
_a7 _bcbc _corignew _d1 _eocip _f20 _gy-gencatlg |
||
| 942 |
_2ddc _cSLOAN |
||
| 999 |
_c2982 _d2982 |
||